Franchising y partenariado
Gorde:
| Egile nagusia: | |
|---|---|
| Formatua: | Liburua |
| Hizkuntza: | gaztelania |
| Argitaratua: |
Buenos Aires
Astrea
1998
|
| Gaiak: | |
| Etiketak: |
Etiketa erantsi
Etiketarik gabe, Izan zaitez lehena erregistro honi etiketa jartzen!
|
MARC
| LEADER | 00000nam a2200000 a 4500 | ||
|---|---|---|---|
| 001 | UCP7787 | ||
| 003 | CL-VaPUC | ||
| 008 | 991223e19980000AG |||||||||||||||||spa|d | ||
| 082 | 0 | 4 | |a 336.11 |b KAH |2 21 |
| 100 | 0 | |a Kahn, Michel |e author |9 437345 | |
| 245 | 1 | 0 | |a Franchising y partenariado |
| 300 | |a 230 p | ||
| 942 | |c BK | ||
| 945 | |d 19991223 00:00:00 |a vberengu | ||
| 260 | |a Buenos Aires |b Astrea |c 1998 | ||
| 650 | 0 | |a Cesión de contratos |9 344928 | |
| 650 | 0 | |a Franchising |9 434267 | |
| 650 | 0 | |a Know-how |9 435176 | |
| 650 | 0 | |a Nulidad |9 256755 | |
| 650 | 7 | |a PARTENARIADO |2 CL-VaPUC |9 437346 | |
| 650 | 7 | |a RESOLUCION |2 CL-VaPUC |9 383874 | |
| 583 | |a last modification |c 19991223 00:00:00 |k Rodrigo Vera | ||
| 999 | |c 284833 |d 284831 | ||
| 952 | |0 0 |1 0 |4 0 |6 336_110000000000000_KAH_1998 |7 0 |8 A |9 329086 |a BIBDER |b BIBDER |d 2019-11-20 |i 3569624 |o 336.11 KAH 1998 |p 3569624 |r 2023-01-25 |w 2019-11-20 |y BK |k DER | ||